| 000 | 01047nam a2200301Ia 4500 | ||
|---|---|---|---|
| 001 | Para_9439 | ||
| 003 | CHAP | ||
| 008 | 220125s2008 xx 000 0 und d | ||
| 010 | _a203709 | ||
| 040 | _cCHAP | ||
| 090 | _aTESIS 2166 | ||
| 100 |
_aTejeda Reyes, Manuel Alejandro _9112025 |
||
| 245 |
_aManejo químico del tizón tardío (Phytophthora infestans (Mont.) De Bary) del jitomate en Yurécuaro, Michoacán / _c por Manuel Alejandro Tejeda Reyes |
||
| 260 |
_aChapingo, Méx. : _b el autor |
||
| 300 | _a49 h. | ||
| 502 | _aTesis (Ing. Agr. Esp. en Parasitología Agrícola) -- UACh. Departamento Parasitología Agrícola | ||
| 650 |
_aHongos fitopatógenos _956132 |
||
| 650 |
_aPhytophthora infestans _987925 |
||
| 650 |
_aTomate _x enfermedades por hongos _9113713 |
||
| 710 |
_aUACh. Departamento Parasitología Agrícola _9164025 |
||
| 901 | _aTESIS 2166 | ||
| 902 | _aM | ||
| 905 | _a0000002008 anm 0000000000 00 | ||
| 910 | _a2008 | ||
| 942 | _cPARA | ||
| 942 |
_cPARA _d2 |
||
| 999 |
_c203709 _d203709 |
||